Lewis Hamilton quiz - Statistics

General Stats
  • This quiz has been taken 158 times
  • The average score is 7 of 15
Answer Stats
Name Answer % Correct
How many world championships does Lewis Hamilton have. (as of 2024) 7
79%
what was the first team of Lewis Hamilton in F1 Mclaren
77%
How old was Lewis Hamilton when he joined F1 22
73%
who was the latest title rival of Lewis Hamilton Max Verstappen
68%
How many wins does Lewis Hamilton have.(as of 2024) 105
61%
who was the idol of Lewis Hamilton Ayrton Senna
61%
when was Lewis Hamilton knighted 2021
56%
How many pole positions does Lewis Hamilton have.(as of 2024) 104
51%
Who is the father of Lewis Hamilton Anthony Hamilton
50%
how many podiums does Lewis Hamilton have.(as of 2024) 201
46%
What are the hobbies of Lewis Hamilton outside F1 music
19%
when was Lewis Hamilton born January 7, 1985
17%
What was the first race of Lewis Hamilton 2007 Australian gp
12%
When was the first win of Lewis Hamilton 2007 Canadian gp
11%
who was the first title rival of Lewis Hamilton Filipe Massa
4%
No matching quizzes found
Score Distribution
Percent of People with Each Score
Percentile by Number Answered
Your Score History
You have not taken this quiz